Холодная Война — На Чьей Стороне? - Statistics

General Stats
  • This quiz has been taken 509 times
  • The average score is 31 of 50
Answer Stats
Hint Answer % Correct
Великобритания Американский блок
92%
Япония Американский блок
90%
Норвегия Американский блок
90%
Болгария Советский блок
88%
Испания Американский блок
88%
Чехословакия Советский блок
87%
Западная Германия Американский блок
86%
Израиль Американский блок
84%
Польша Советский блок
82%
Румыния Советский блок
82%
Греция Американский блок
81%
Вьетнам Советский блок
81%
Восточная Германия Советский блок
80%
Турция Американский блок
79%
Сингапур Американский блок
76%
Венгрия Советский блок
75%
Индонезия Американский блок
71%
Афганистан Советский блок
70%
Куба Советский блок
69%
Филиппины Американский блок
68%
Аргентина Американский блок
68%
Гаити Американский блок
64%
Кувейт Американский блок
62%
Либерия Американский блок
60%
Ботсвана Американский блок
57%
Оман Американский блок
56%
Иордания Американский блок
55%
Гватемала Американский блок
55%
Нигер Американский блок
54%
ЮАР Американский блок
54%
Южный Йемен Советский блок
53%
Марокко Американский блок
53%
Ирак Советский блок
52%
Мозамбик Советский блок
52%
Эфиопия Советский блок
49%
Кения Американский блок
48%
Ангола Советский блок
48%
Египет Американский блок
47%
Ливия Советский блок
47%
Сенегал Американский блок
47%
Кампучия Советский блок
45%
Никарагуа Американский блок
44%
Алжир Советский блок
43%
Бирма Советский блок
42%
Судан Американский блок
41%
ЦАР Американский блок
37%
Мадагаскар Советский блок
33%
Бенин Советский блок
32%
Гвинея-Бисау Советский блок
32%
Сейшелы Советский блок
27%
No matching quizzes found
Score Distribution
Percent of People with Each Score
Percentile by Number Answered
Your Score History
You have not taken this quiz